Geography, history and social sciences
Αποθηκεύτηκε σε:
| Άλλοι συγγραφείς: | , |
|---|---|
| Μορφή: | Βιβλίο |
| Γλώσσα: | English |
| Δημοσίευση: |
Dordrecht :
Kluwer Academic Publishers,
c1995
|
| Σειρά: | GeoJournal library ;
; 27 |
| Θέματα: | |
| Ετικέτες: |
Προσθήκη ετικέτας
Δεν υπάρχουν, Καταχωρήστε ετικέτα πρώτοι!
|
MARC
| LEADER | 00000nam a2200000 i 4500 | ||
|---|---|---|---|
| 001 | 1/89842 | ||
| 008 | 990915s1995 eng d | ||
| 020 | |a 0-7923-2543-5 | ||
| 035 | |l 10052896 | ||
| 040 | |a GR-MY-UA |b gre |e aacr | ||
| 041 | 0 | |a eng | |
| 082 | 0 | |a 910 | |
| 245 | 1 | 0 | |a Geography, history and social sciences / |c Edited by Georges B. Benko and Ulf Strohmayer |
| 260 | |a Dordrecht : |b Kluwer Academic Publishers, |c c1995 | ||
| 300 | |a 268 p. |b fig. | ||
| 490 | 1 | |a Geojournal library |v ; 27 | |
| 504 | |a Includes bibliographical references and index | ||
| 650 | 0 | 0 | |a Human geography. |
| 650 | 0 | 0 | |a Social sciences. |
| 650 | 0 | 0 | |a Urban geography. |
| 650 | 0 | 0 | |a Economic geography. |
| 650 | 0 | 0 | |a Political geography. |
| 700 | 1 | |a Benko, Georges. |4 edt | |
| 700 | 1 | |a Strohmayer, Ulf. |4 edt | |
| 830 | 0 | |a GeoJournal library ; |v ; 27 | |
| 852 | |a INST |b LESVOS |e 19990915 |h 910 GEO |p 005100019505 |q 005100019505 |t BK |y 0 | ||
| 901 | |a BIBL1-1999-3 | ||
| 909 | |a Λ |b 066441 | ||
| 922 | |a 1ΕΛΗ |b 199906 |c ΚΠΣ/ΤΓ |d ΠΑΠΑΣΩΤΗΡΙΟΥ | ||
| 950 | |a 118-1998-07-21 | ||
| 970 | |a ΜΟΥΣΤΑΚΑ |b ΠΗΝΕΛΟΠΗ |z 1999/09/18 | ||